Statistics for Say "Red" In Different Languages

Click here to take the quiz!

General Stats

  • This quiz has been taken 17 times
  • The average score is 4 of 5

Answer Stats

LanguageAnswer% Correct
EnglishRed
100%
FrenchRouge
100%
SpanishRojo
88%
ItalianRosso
76%
GermanRot
71%

Score Distribution

Percentile by Number Answered

Percent of People with Each Score

Your Score History

You have not taken this quiz